000 00304nam a22001337a 4500
008 170925b xxu||||| |||| 00| 0 eng d
020 _a9780205266548
041 _aeng
080 _a37
100 _a46
101 _aEDU
245 _aSUCCESFUL COLLEGE TEACHUNG
_cBAIOCCO.SH.A
942 _2udc
_cBK
999 _c29478
_d29478